00922 a2200229 4500020001500000040001300015082001400028100003300042245013100075260003900206300005900245490002300304650003500327650002700362650002800389700002100417700002300438830003600461942002700497999001500524952015300539 a1580539335 aDLCbDLC a621.381321 aEisenstadt, William Richard.10aMicrowave differential circuit design using mixed-mode s-parameters cWilliam R. Eisenstadt, Robert Stengel, Bruce M. Thompson aBoston, MA :bArtech House,c2006. axiii, 226 p. :bill. ;c24 cm. +e1 CD-ROM (4 3/4 in.)1 aMicrowave library. 0aMicrowave integrated circuits. 0aMixed signal circuits. 0aDifferential equations.1 aStengel, Robert.1 aThompson, Bruce M. 0aArtech House microwave library. cBKk621.38132 EIS2ddc c8067d8067 001040708NFICaCLbCLcGENd2007-04-23eA & J Def Tek Concultantsg8149.24l1o621.38132 EISpSEECS008426r2026-05-13s2026-04-13w2017-01-05yBK